000 00808nam a22002057a 4500
999 _c12639
_d12639
003 AR-CdUCM
008 190409b ||||| |||| 00| 0 spa d
040 _aMUNICIPALIDAD PROVINCIAL DEL CUSCO
_cBIBLIOTECA MUNICIPAL DEL CUSCO
082 _a345.785 /
_bEX97 / 1909
110 _aComité de Reforma Procesal.
_930579
245 _aExposición de motivos del Código de Procedimientos Civiles :
_bQue presenta al Poder Ejecutivo /
260 _aLima :
_bImp.Torres Aguirre-Lártiga,
_c1909.
300 _aXVI, 272 páginas ;
_c23 cm.
505 _aContenido: Disposiciones aplicables a todo procedimiento -- Juicios -- Procedimientos no contenciosos.
650 _aDerecho procesal civil
_927080
650 _aLegislación
_92962
650 _aPerú
_935
942 _2ddc
_cLIBROS
945 _aachl
_d2019-04-09